000 00575nam a22001575i 4500
001 166646
003 ES-MaACL
005 20230906213355.0
008 021219s1883 sp |||| | spa d
100 1 _aTriviño, Alfonso.
_9133383
245 1 0 _aÚltima palabra sobre la pretendida inocencia del protóxido de azoe (gas hilarizante) /
_cpor Alfonso Triviño.
260 _aMadrid :
_b[s.n.],
_c1883 (
_fImp. de Aurelio J. Alaria)
300 _a39 p. ;
_c21 cm.
650 4 _aAnestesia.
_99822
852 _aES-MaACL
_jT-374-F-18
_z- Enc. hol.
_z- Enc. en un vol. facticio
999 _c166646
_d166646